Catálogo

Vista normal Vista MARC

Entrada Personal Name

Número de registros utilizados en: 4

001 - CONTROL NUMBER

  • control field: 2965

003 - CONTROL NUMBER IDENTIFIER

  • control field: DLC

005 - DATE AND TIME OF LATEST TRANSACTION

  • control field: 20260220101704.0

008 - FIXED-LENGTH DATA ELEMENTS

  • fixed length control field: 800423n| azannaabn |a aaa

010 ## - LIBRARY OF CONGRESS CONTROL NUMBER

  • LC control number: n 80028392

035 ## - SYSTEM CONTROL NUMBER

  • System control number: (OCoLC)oca00410645

040 ## - CATALOGING SOURCE

  • Original cataloging agency: DLC
  • Language of cataloging: spa
  • Description conventions: rda
  • Transcribing agency: Mx-PuUPA
  • Modifying agency: DLC
  • Modifying agency: CSt
  • Modifying agency: DLC
  • Modifying agency: OCoLC
  • Modifying agency: UPB
  • Modifying agency: DLC
  • Modifying agency: IEN
  • Modifying agency: DLC
  • Modifying agency: UPB
  • Modifying agency: Mx-PuUPA

046 ## - SPECIAL CODED DATES

  • Birth date: 19110624
  • Death date: 20110430

053 #0 - LC CLASSIFICATION NUMBER

  • Classification number element--single number or beginning number of span: PQ7797.S214

100 1# - HEADING--PERSONAL NAME

  • Personal name: Sábato, Ernesto R.,
  • Dates associated with a name: 1911-2011

370 ## - ASSOCIATED PLACE

  • Place of birth: Rojas (Argentina)
  • Place of death: Santos Lugares (Buenos Aires, Argentina)
  • Source of term: naf

372 ## - FIELD OF ACTIVITY

  • Field of activity: Novela

374 ## - OCCUPATION

  • Occupation: Autor
  • Source of term: lcsh

374 ## - OCCUPATION

  • Occupation: Escritor, pintor y físico argentino

375 ## - GENDER

  • Gender: hombre

377 ## - ASSOCIATED LANGUAGE

  • Language code: spa

400 1# - SEE FROM TRACING--PERSONAL NAME

  • Personal name: Sábato, Ernesto R.,
  • Dates associated with a name: 1911-2011

670 ## - SOURCE DATA FOUND

  • Source citation: Lipfert, K. La televisión, 1940.

670 ## - SOURCE DATA FOUND

  • Source citation: LC man. card cat.
  • Information found: (hdg.: Sábato, Ernesto R.)

670 ## - SOURCE DATA FOUND

  • Source citation: His On heroes and tombs, 1981:
  • Information found: t.p. (Ernesto Sábato)

670 ## - SOURCE DATA FOUND

  • Source citation: Literatura argentina contemporánea website, Oct. 15, 1998
  • Information found: (Ernesto Sábato, b. in Rojas, province of Buenos Aires, 1911)

670 ## - SOURCE DATA FOUND

  • Source citation: His Antes del fin, c1998:
  • Information found: t.p. (Ernesto Sabato)

670 ## - SOURCE DATA FOUND

  • Source citation: Wikipedia, April 20, 2011
  • Information found: (born June 24, 1911 (age 99); Rojas, Buenos Aires, Argentina)

670 ## - SOURCE DATA FOUND

  • Source citation: New York times WWW site, May 2, 2011
  • Information found: (in obituary published May 1: Ernesto Sábato; b. June 24, 1911, Rojas, Buenos Aires province; d. Saturday [Apr. 30, 2011], Santos Lugares, Buenos Aires, aged 99; acclaimed Argentine novelist who led a commission that investigated crimes committed by the nation's military dictatorship)

670 ## - SOURCE DATA FOUND

  • Source citation: Biblioteca del congreso (Estados Unidos), 26 agosto 2020:
  • Information found: Catálogo electrónico
  • Uniform Resource Identifier: https://bit.ly/34CffrO